| 000 | 00378nam a2200145Ia 4500 | ||
|---|---|---|---|
| 008 | 230917s9999||||xx |||||||||||||| ||und|| | ||
| 040 |
_e72655 _aMAIN |
||
| 041 | _aEnglish | ||
| 082 | _a658.3 R189P | ||
| 100 | _aRatnam, C S Venkata | ||
| 245 | 0 | _aPersonnel management and human resources | |
| 260 |
_aNew Delhi _bTata McGraw-Hill _c1995 |
||
| 300 | _avii, 347 p. | ||
| 942 | _cBK | ||
| 999 |
_c94795 _d94795 |
||